000 00842nmm a2200265 a 4500
001 ocm0001682867
003 TR-IsHL
005 20201028165511.0
008 171111s2017 tu tur
007 cr cn
020 _a9786052015117
035 _a1682867
_b(N$T)
050 0 4 _aPL248.G49
_bE37 2017
090 0 4 _aPL248.G49
_bE37 2017
100 1 _aGezer, Hasan
245 1 0 _aEfsaye: küf yeşili bir yaşamdan düşlere düşen
_h[electronic resource] /
_cHasan Gezer
260 _aİstanbul :
_bBaşlık Yayınları,
_c2017
300 _a80 p.
650 4 _aDil ve Edebiyat
650 4 _aLanguage and Literature
650 0 _aTürk şiiri
650 0 _aTurkish poetry
650 7 _aPOETRY / Middle Eastern
_2bisacsh
856 4 0 _uhttp://search.ebscohost.com/login.aspx?direct=true&scope=site&db=e011xww&AN=1682867
999 _c15886
_d15886